000 00458nam a2200181Ia 4500
001 23998
005 20260414151014.0
008 260414t2010||||xx |||||||||||||| ||spa||
041 _aESP
082 _a745.2
_bB142
110 _aUniversidad Anáhuac, Escuela del Diseño
_eAUT
245 0 _aEl bicentenario a la luz del diseño
_b
260 _c2010
300 _a251 páginas :
_c26 cm.
650 _aABD
654 _aCAU
942 _cLIB
_dJUS
_fJUS
_2ddc
_n
999 _c23998
_d23998